The cultures of computing /
Wedi'i Gadw mewn:
| Fformat: | Llyfr |
|---|---|
| Iaith: | English |
| Cyhoeddwyd: |
Oxford UK ; Cambridge MA :
Blackwell,
1995.
|
| Pynciau: | |
| Tagiau: |
Ychwanegu Tag
Dim Tagiau, Byddwch y cyntaf i dagio'r cofnod hwn!
|
| Thư viện lưu trữ: | Mạng thư viện Đại học Đà Nẵng |
|---|
| LEADER | 00909cam a2200337 i 4500 | ||
|---|---|---|---|
| 001 | 000048591 | ||
| 003 | 8313 | ||
| 005 | 20030310091404.0 | ||
| 008 | 010323|1995 vm 000 eng | ||
| 020 | |a 0631192824 | ||
| 040 | |a IRC |c IRC |d IRC | ||
| 041 | 0 | |a eng | |
| 082 | 1 | 4 | |a 303.4833 |b Cu-C |
| 245 | 0 | 4 | |a The cultures of computing / |c edited by Susan Leigh Star. |
| 260 | |a Oxford UK ; Cambridge MA : |b Blackwell, |c 1995. | ||
| 300 | |a 282 p. ; |c 21.5cm. | ||
| 630 | 0 | 4 | |a Communication. |
| 630 | 0 | 4 | |a Social aspects. |
| 650 | 0 | 4 | |a Communication |x Social aspects. |
| 650 | 0 | 4 | |a Electronic mail systems |x Social aspects. |
| 650 | 0 | 4 | |a Computer networks |x Social aspects. |
| OWN | |a DUT | ||
| 999 | |a From the UDN01 | ||
| TYP | |a Monograph | ||
| TYP | |a Printed language | ||
| 980 | |a Mạng thư viện Đại học Đà Nẵng | ||


